Ακουλαλείτε : 75 ασκήσεις μουσικής ακρόασης και δημιουργίας
Αποθηκεύτηκε σε:
| Κύριος συγγραφέας: | |
|---|---|
| Άλλοι συγγραφείς: | , |
| Μορφή: | Βιβλίο |
| Γλώσσα: | Greek |
| Δημοσίευση: |
Αθήνα :
Edition Orpheus,
2011.
|
| Θέματα: | |
| Ετικέτες: |
Προσθήκη ετικέτας
Δεν υπάρχουν, Καταχωρήστε ετικέτα πρώτοι!
|
MARC
| LEADER | 00000cam a2200000 a 4500 | ||
|---|---|---|---|
| 001 | 1/119916 | ||
| 008 | 190912s2011####gr ||||||| |||| ||gre|| | ||
| 020 | |a 9789607266712 | ||
| 040 | |a GR-MyUa |b gre |c GR-MyUa |e AACR2 | ||
| 041 | 1 | |a gre | |
| 082 | 7 | |a 372.87 |2 (23) | |
| 100 | 1 | |a Schafer, Murray R. | |
| 240 | 1 | 0 | |a Hearsing |
| 245 | 1 | 0 | |a Ακουλαλείτε : |b 75 ασκήσεις μουσικής ακρόασης και δημιουργίας / |c R. Murray Schafer ; μετάφραση: Διαμαντίνα Τσαγκαράκη ; επιμέλεια: Ιωάννα Ετμεκτσόγλου. |
| 260 | |a Αθήνα : |b Edition Orpheus, |c 2011. | ||
| 300 | |a 126 σ. ; |c 19 εκ. | ||
| 500 | |a Τίτλος πρωτοτύπου : Hearsing: 75 exercises in listening and creating music. | ||
| 650 | 0 | |a Music |x Study and teaching. | |
| 650 | 0 | |a Music in education. | |
| 700 | 1 | |a Τσαγκαράκη, Διαμαντίνα, |e trlf | |
| 700 | 1 | |a Ετμεκτσόγλου, Ιωάννα, |e edtf | |
| 852 | |a INST |b LESVOS |e 20190912 |h 372.87 SCH |p 005100061802 |q 005100061802 |t BK |y 0 | ||
| 920 | |a Μπουμπάρης |b Νικόλαος |y Λέσβος |z 2015-01 | ||
| 970 | |a Δημάκη |b Μαρία |z 12-09-2019 | ||